00700cam a2200193 4500001001100000008004100011020001800052035001500070050002400085100002200109245013000131260005400261300002700315440002400342504002900366504003000395650003900425650004200464BIIH003282 1992 a spa  a0-292-76531-2 aBIIH003282 4aJL1298b.8 B45 19921 aBeson, Nettie Lee 4aThe provincial deputacion in Mexico : Harbinger of provincial autonomy, independence, and fedetalism /cby Nettie Lee Benson. aAustin, Texas :bUniversity of Texas Press,c1992 axiii, 225 p. ;c23 cm. 0aSpecial publication aBibliografia: p. 201-211 aIncluye apendice e indice 4aGobierno federalxHistoriazMexico 4aGobierno estatalxHistoria zMéxico